Представление документа в формате RUSMARC

ПолеНазваниеЗначение
  Тип записи a
  Библиографический уровень a
001 Контрольный номер RU/CBS_UL/BASE/5ebce1983fbf416cb9e724bc5152e0cd
005 Дата корректировки 20251226154550.9
100 Данные общей обработки __
a Данные общей обработки 20251226 ||| 0rusy0189 ca
101 Язык документа 0_
a Язык текста rus
102 Страна публикации __
a Страна публикации RU
200 Заглавие и сведения об ответственности 1_
a Заглавие Как большевики брали власть
e Сведения, относящиеся к заглавию [борьба большевиков за власть в октябре 1917 года]
f Первые сведения об ответственности Е. Александров
461 Уровень набора _0
1 2000
a Наша история
463 Уровень физической единицы _0
1 2000
a № 11
v С. 36-37 : фото
1 2101
d 2025
1 001RU/CBS_UL/BASE/ceed9d5d8b1f46b39687ed5aa6dc49b9
606 Тематические рубрики 0_
a Основная рубрика Россия - История - 1917 г.
z Хронологическая подрубрика 1917 г.
610 Ключевые слова 0_
a Ключевые слова борьба за власть
610 Ключевые слова 0_
a Ключевые слова большевики
610 Ключевые слова 0_
a Ключевые слова Октябрьская революция
610 Ключевые слова 0_
a Ключевые слова вооружённые восстания
610 Ключевые слова 0_
a Ключевые слова Временное правительство
610 Ключевые слова 0_
a Ключевые слова Белое движение
686 Индексы других классификаций __
2 Код системы rubbk
a Классификационный индекс 63.3(2)611
700 Автор _1
a Фамилия Александров
b Имя (инициалы) Е.
801 Источник записи _0
a Страна RU
b Организация МБУК ЦБС г. Ульяновска
c Дата составления 20251226
g Правила каталогизации RCR
801 Источник записи _1
a Страна RU
b Организация МБУК ЦБС г. Ульяновска
c Дата составления 20251226
g Правила каталогизации RCR
901 Тип документа __
t Тип документа b
w Контрольный № источника RU/CBS_UL/BASE/ceed9d5d8b1f46b39687ed5aa6dc49b9
909 Создатель записи __
a Создатель записи lib2